Modely prognózovania a plánovania ekonomiky SSR čiastková úloha SPEV 902 511 201/04

Enregistré dans:
Détails bibliographiques
Format: Livre
Langue:slovaque
Publié: Bratislava Vysoká škola ekonomická 1982
Tags: Ajouter un tag
Pas de tags, Soyez le premier à ajouter un tag!

MARC

LEADER 00000nam a2200000 4500
001 c134765
005 20250708101550.0
041 0 |a slo 
044 |a SK 
245 1 0 |a Modely prognózovania a plánovania ekonomiky SSR  |b čiastková úloha SPEV 902 511 201/04 
264 1 |a Bratislava  |b Vysoká škola ekonomická  |c 1982 
300 |a 52 s.